عرض عادي
عرض مارك
- Menezes, A. J.
مدخل إسم شخص
001 - رقم الضبط
- حقل الضبط: 51879
003 - معرف رقم الضبط
- حقل الضبط: OSt
005 - تاريخ ووقت أخر عملية
- حقل الضبط: 20151011184641.0
008 - عناصر بيانات ثابتة الطول
- حقل تحكم ثابت الطول: 151011|| aca||aabn | a|a d
040 ## - مصدر الفهرسة
- هيئة الفهرسة الأصلية: OSt
- وكالة الكتابة: OSt
100 ## - مدخل -- أسم شخص
- إسم شخص: Menezes, A. J.
- الشكل الكامل للاسم: (Alfred J.),
- تواريخ مرتبطة بالاسم: 1965-
670 ## - بيانات المصدر موجوده
- الاستشهاد بالمصدر: Work cat.: (OSt)0: Menezes, A. J. (Alfred J.), 1965-, Handbook of applied cryptography /, c1997.
